Wybory Prezydenckie 2025 - Statystyki

Ogólne statystyki
  • Ten quiz został rozwiązany 326 razy
    183 od ostatniego zresetowania
  • Średni wynik to 11 z 13
Statystyki odpowiedzi
Odpowiedź % Poprawnych
Karol Nawrocki
99%
Rafał Trzaskowski
99%
Sławomir Mentzen
97%
Magdalena Biejat
94%
Joanna Senyszyn
93%
Szymon Hołownia
91%
Adrian Zandberg
90%
Grzegorz Braun
90%
Krzysztof Stanowski
89%
Maciej Maciak
86%
Marek Woch
80%
Marek Jakubiak
74%
Artur Bartoszewicz
57%
Nie znaleziono quizów pasujących do podanych kryteriów
Rozkład punktacji
Procent ludzi z każdym wynikiem
Percentyl według liczby udzielonych odpowiedzi
Twoja historia wyników
Nie rozwiązałeś tego quizu od ostatniego zresetowania